[Event "Bad Woerishofen sen"]
[Site "?"]
[Date "2002.??.??"]
[Round "2"]
[White "Wild, Gerhard"]
[Black "Krueger, Manfred"]
[Result "1-0"]
[WhiteElo "1987"]
[BlackElo "1303"]
[Annotator "ChessOrg"]
[PlyCount "101"]
[EventDate "2002.??.??"]

1. d4 Nf6 2. c4 e6 3. a3 Be7 4. Nc3 b6 5. e4 d6 6. Nf3 Bb7 7. Qc2 c5 8. Be2 O-O
9. O-O Na6 10. Rd1 Rc8 11. Bg5 cxd4 12. Nxd4 e5 13. Nf5 Rc7 14. f3 Rd7 15. Rd2
h6 16. Nxe7+ Qxe7 17. Bh4 Qe6 18. Rad1 Nh5 19. Nb5 Nf4 20. Bf1 Ng6 21. Rxd6
Rxd6 22. Rxd6 Qc8 23. Bf2 Qb8 24. Qd1 Nc7 25. Nxc7 Qxc7 26. Rd7 Qb8 27. c5 Bc6
28. Rd6 Qb7 29. cxb6 axb6 30. Qb3 Ne7 31. Qxb6 Qxb6 32. Bxb6 Rb8 33. Rd8+ Rxd8
34. Bxd8 Nc8 35. Bc7 f6 36. Kf2 Kf8 37. Ba5 Ke8 38. Bb4 Nb6 39. b3 Kf7 40. Bc5
Nd7 41. Bc4+ Ke8 42. Be3 Kd8 43. Ke2 Kc7 44. Kd2 Nb6 45. Bd3 Nd7 46. Kc3 Kb7
47. Bc4 Nb6 48. Bc5 Nd7 49. Bd6 Kb6 50. a4 Ka5 51. Bc7+ 1-0

[Event "Bad Woerishofen sen"]
[Site "?"]
[Date "2002.??.??"]
[Round "2"]
[White "Fischer, Johann"]
[Black "Liszka, Guenter"]
[Result "1-0"]
[WhiteElo "2306"]
[BlackElo "1773"]
[Annotator "ChessOrg"]
[PlyCount "61"]
[EventDate "2002.??.??"]

1. d4 d5 2. c4 e6 3. Nc3 Nf6 4. Bg5 Nbd7 5. Nf3 c6 6. e3 Qa5 7. Bxf6 Nxf6 8. a3
Ne4 9. Qb3 Nxc3 10. bxc3 dxc4 11. Bxc4 Be7 12. O-O O-O 13. Ne5 Qc7 14. f4 b5
15. Be2 Bb7 16. Rfc1 a6 17. c4 Qd6 18. c5 Qc7 19. Rf1 Bf6 20. Bf3 Bxe5 21. fxe5
Bc8 22. Be4 Bd7 23. Qd3 h6 24. Qe2 Qd8 25. Bc2 Qe7 26. Rf3 g6 27. Rf6 Kg7 28.
Raf1 Rac8 29. Qg4 Kh8 30. R1f3 Rcd8 31. Rh3 1-0

[Event "Bad Woerishofen sen"]
[Site "?"]
[Date "2002.??.??"]
[Round "2"]
[White "Wunderer, Eckart"]
[Black "Haasper, Peter"]
[Result "1/2-1/2"]
[WhiteElo "2190"]
[BlackElo "1802"]
[Annotator "ChessOrg"]
[PlyCount "66"]
[EventDate "2002.??.??"]

1. e4 e6 2. d3 d5 3. Qe2 dxe4 4. dxe4 b6 5. Qf3 Bb7 6. Nc3 Qf6 7. Qg3 Bd6 8. f4
Qg6 9. Qxg6 hxg6 10. Bd2 Nc6 11. O-O-O O-O-O 12. Nf3 Be7 13. Bb5 Nf6 14. Ng5
Rhf8 15. Rhf1 Nd7 16. f5 exf5 17. exf5 Bxg5 18. Bxg5 f6 19. Be3 gxf5 20. Rxf5
Nde5 21. Rff1 Rxd1+ 22. Rxd1 Rd8 23. Be2 Rxd1+ 24. Kxd1 Ne7 25. Bf1 Nd5 26.
Nxd5 Bxd5 27. b3 Ng4 28. Bg1 Kd7 29. Kd2 Ne5 30. Ke3 c5 31. c4 Bb7 32. h3 Ke6
33. Bh2 f5 1/2-1/2

[Event "Bad Woerishofen sen"]
[Site "?"]
[Date "2002.??.??"]
[Round "2"]
[White "Bierwisch, Bernhard"]
[Black "Wolffram, Gert"]
[Result "1/2-1/2"]
[WhiteElo "2171"]
[BlackElo "1754"]
[Annotator "ChessOrg"]
[PlyCount "76"]
[EventDate "2002.??.??"]

1. e4 c5 2. Nc3 e6 3. g3 Nc6 4. Bg2 g6 5. d3 Bg7 6. Be3 d6 7. Nh3 Nge7 8. O-O
O-O 9. Qd2 a6 10. f4 f5 11. Kh1 Rb8 12. Nd1 b5 13. Ng5 h6 14. Nf3 Nd4 15. Nh4
Kh7 16. c3 Ndc6 17. Nf2 Bb7 18. Rad1 Qc7 19. Nf3 Rbd8 20. h4 Rg8 21. d4 cxd4
22. cxd4 fxe4 23. Nxe4 e5 24. Nfg5+ hxg5 25. Nxg5+ Kh8 26. d5 Nd4 27. Bxd4 exd4
28. h5 Nf5 29. Qd3 Rde8 30. hxg6 Rgf8 31. Qf3 Kg8 32. Rfe1 Re3 33. Rxe3 dxe3
34. g4 e2 35. Re1 Nd4 36. Qe4 Qd8 37. Kg1 Re8 38. Qd3 Qe7 1/2-1/2

[Event "Bad Woerishofen sen"]
[Site "?"]
[Date "2002.??.??"]
[Round "2"]
[White "Weigel, Herbert"]
[Black "Harke, Horst"]
[Result "1-0"]
[WhiteElo "2159"]
[BlackElo "1760"]
[Annotator "ChessOrg"]
[PlyCount "67"]
[EventDate "2002.??.??"]

1. e4 c6 2. c4 e6 3. Nc3 Ne7 4. d4 Ng6 5. Nf3 Bb4 6. Bd3 c5 7. a3 cxd4 8. axb4
dxc3 9. bxc3 Nc6 10. O-O Nce5 11. Nxe5 Nxe5 12. Bf4 Qf6 13. Bg3 b6 14. Be2 O-O
15. Qd6 Ng6 16. e5 Qe7 17. Rfd1 Qxd6 18. Rxd6 Bb7 19. Rxd7 Rfb8 20. h4 a5 21.
h5 Nf8 22. Rd6 Be4 23. f3 Bc2 24. Bf2 axb4 25. Rxa8 Rxa8 26. cxb4 Ra4 27. Rxb6
Nd7 28. Rb7 Ra1+ 29. Kh2 Ba4 30. b5 f6 31. Rxd7 Ra2 32. Bc5 Rxe2 33. Rd8+ Kf7
34. Rf8# 1-0

[Event "Bad Woerishofen sen"]
[Site "?"]
[Date "2002.??.??"]
[Round "2"]
[White "Borger, Martin"]
[Black "Boeven, Manfred"]
[Result "1/2-1/2"]
[WhiteElo "1737"]
[BlackElo "2134"]
[Annotator "ChessOrg"]
[PlyCount "123"]
[EventDate "2002.??.??"]

1. e4 c5 2. Nf3 e6 3. d4 cxd4 4. Nxd4 Nf6 5. Bd3 Nc6 6. Nxc6 bxc6 7. O-O d5 8.
exd5 cxd5 9. Nc3 Be7 10. h3 O-O 11. Bf4 Qb6 12. Be5 Ba6 13. Bxa6 Qxa6 14. Qe2
Qxe2 15. Nxe2 Nd7 16. Bh2 Rfc8 17. c3 Bf6 18. Rfd1 Rc4 19. Rab1 Ra4 20. a3 Rc8
21. Kf1 Nc5 22. f3 Nb3 23. Bg1 a6 24. Be3 Rac4 25. Ke1 Kf8 26. Nd4 Bxd4 27.
Bxd4 h5 28. Bf2 f5 29. h4 Kf7 30. g3 Kf6 31. f4 Re4+ 32. Kf1 Na5 33. Rd4 Nc4
34. Rxe4 fxe4 35. Bd4+ Kf5 36. Ke2 Rb8 37. b4 Nxa3 38. Rg1 g6 39. Be5 Rb6 40.
Bd4 Rc6 41. Rc1 Nb5 42. Bc5 e5 43. fxe5 Kxe5 44. Kd2 Rf6 45. Be3 Rf3 46. c4
dxc4 47. Rxc4 Rxg3 48. Rc5+ Ke6 49. Rc6+ Kf5 50. Rxa6 Rg2+ 51. Ke1 Rb2 52. Bg5
Rxb4 53. Rf6+ Ke5 54. Rxg6 Kd4 55. Rg8 Kd3 56. Rd8+ Nd4 57. Kf2 e3+ 58. Bxe3
Rb2+ 59. Kg3 Kxe3 60. Re8+ Kd3 61. Re5 Ne2+ 62. Kf3 1/2-1/2

[Event "Bad Woerishofen sen"]
[Site "?"]
[Date "2002.??.??"]
[Round "2"]
[White "Walther, Diethelm"]
[Black "Kahler, Kurt"]
[Result "1-0"]
[WhiteElo "2091"]
[BlackElo "1677"]
[Annotator "ChessOrg"]
[PlyCount "39"]
[EventDate "2002.??.??"]

1. d4 Nf6 2. Bg5 Ne4 3. Bf4 c5 4. f3 Qa5+ 5. c3 Nf6 6. d5 e6 7. e4 Nh5 8. Be3
Qc7 9. Bc4 Bd6 10. Qd2 a6 11. a4 b6 12. Ne2 Bb7 13. Na3 Nf6 14. O-O-O exd5 15.
exd5 O-O 16. Bg5 b5 17. axb5 axb5 18. Nxb5 Qb6 19. Bxf6 gxf6 20. Qh6 1-0

[Event "Bad Woerishofen sen"]
[Site "?"]
[Date "2002.??.??"]
[Round "2"]
[White "Bakalarozyk, Wiodzimien"]
[Black "Gestrich, Wolfgang"]
[Result "1-0"]
[WhiteElo "2000"]
[BlackElo "1577"]
[Annotator "ChessOrg"]
[PlyCount "47"]
[EventDate "2002.??.??"]

1. d4 Nf6 2. Nf3 d6 3. c4 c5 4. d5 h6 5. Nc3 Bf5 6. g3 Nbd7 7. Bg2 g5 8. O-O
Nb6 9. Re1 e5 10. dxe6 Bxe6 11. b3 Bg7 12. Bd2 a6 13. Qc2 Qd7 14. Rad1 Bf5 15.
Qc1 Bg4 16. Qc2 Bxf3 17. exf3+ Kd8 18. Be3 Qc7 19. Qf5 Qd7 20. Qd3 Ne8 21. Ne4
Bf8 22. Qc3 Bg7 23. Qa5 Qc7 24. Bxc5 1-0

[Event "Bad Woerishofen sen"]
[Site "?"]
[Date "2002.??.??"]
[Round "3"]
[White "Goy, Udo"]
[Black "Mantzouneas, Nikolaos"]
[Result "1-0"]
[WhiteElo "2191"]
[BlackElo "2017"]
[Annotator "ChessOrg"]
[PlyCount "43"]
[EventDate "2002.??.??"]

1. d4 d5 2. c4 c6 3. Nc3 Nf6 4. Nf3 dxc4 5. a4 Nd5 6. e4 Nxc3 7. bxc3 b5 8. Be3
Bb7 9. axb5 cxb5 10. d5 a6 11. Be2 e6 12. dxe6 Qxd1+ 13. Rxd1 fxe6 14. Ng5 Nd7
15. Nxe6 Rc8 16. O-O Bxe4 17. Bg4 Bc6 18. Nd4 Be4 19. Rfe1 Bd3 20. Bg5+ Kf7 21.
Bxd7 Rc7 22. Be8+ 1-0

[Event "Bad Woerishofen sen"]
[Site "?"]
[Date "2002.??.??"]
[Round "3"]
[White "Villing, Dieter"]
[Black "Rahn, Oskar"]
[Result "1-0"]
[WhiteElo "2231"]
[BlackElo "2060"]
[Annotator "ChessOrg"]
[PlyCount "79"]
[EventDate "2002.??.??"]

1. e4 e5 2. Bc4 Nf6 3. d3 c6 4. Nf3 d5 5. Bb3 Bd6 6. exd5 cxd5 7. Nc3 O-O 8.
Bg5 e4 9. Nd4 Be5 10. Nde2 exd3 11. Qxd3 Be6 12. O-O-O Nbd7 13. Nxd5 Bxd5 14.
Bxd5 Qb6 15. Bb3 Nc5 16. Qf5 Nxb3+ 17. axb3 Rfe8 18. Rhe1 Rac8 19. Kb1 Qc6 20.
Nc3 Bxc3 21. Rxe8+ Rxe8 22. bxc3 Ne4 23. Rd3 Nxc3+ 24. Kb2 Ne4 25. Be3 g6 26.
Qd7 a6 27. Qxc6 bxc6 28. Rd7 Nf6 29. Ra7 Nd5 30. Rxa6 Nxe3 31. fxe3 Rxe3 32.
Rxc6 Re2 33. b4 Rxg2 34. b5 Re2 35. b6 Re7 36. c4 f5 37. Rc7 Re6 38. b7 Rb6+
39. Kc3 f4 40. Rc8+ 1-0

[Event "Bad Woerishofen sen"]
[Site "?"]
[Date "2002.??.??"]
[Round "3"]
[White "Servaty, Rudolf"]
[Black "Born, Bernd-Ludger"]
[Result "1-0"]
[WhiteElo "2201"]
[BlackElo "2017"]
[Annotator "ChessOrg"]
[PlyCount "73"]
[EventDate "2002.??.??"]

1. d4 Nf6 2. c4 g6 3. Nc3 d6 4. e4 Bg7 5. Be2 O-O 6. Bg5 Nbd7 7. Qd2 c5 8. d5
a6 9. h4 Ne8 10. h5 f6 11. Be3 g5 12. h6 Bh8 13. Nh3 Ne5 14. f4 gxf4 15. Nxf4
f5 16. Rh5 Bf6 17. exf5 Bxf5 18. O-O-O Qc8 19. g4 Bg6 20. Nxg6 Nxg6 21. Ne4 Be5
22. Rxe5 Nxe5 23. Ng5 b5 24. Ne6 Rf6 25. Bd3 Nxd3+ 26. Qxd3 bxc4 27. Qxc4 Qb7
28. g5 Rb8 29. b3 Rf7 30. Qe4 Qb4 31. Qc2 c4 32. g6 Rf6 33. gxh7+ Kh8 34. Rg1
Nc7 35. Rg8+ Rxg8 36. hxg8=Q+ Kxg8 37. Qg2+ 1-0

[Event "Bad Woerishofen sen"]
[Site "?"]
[Date "2002.??.??"]
[Round "3"]
[White "Moeckel, Edgar"]
[Black "Zunker, Reinhard"]
[Result "0-1"]
[WhiteElo "2049"]
[BlackElo "2227"]
[Annotator "ChessOrg"]
[PlyCount "84"]
[EventDate "2002.??.??"]

1. d4 Nf6 2. Nf3 g6 3. Bg5 Ne4 4. Bf4 Bg7 5. Nbd2 d5 6. e3 O-O 7. Bd3 Nf6 8. h3
c5 9. c3 b6 10. O-O Bb7 11. Re1 Nc6 12. dxc5 bxc5 13. e4 d4 14. cxd4 Nh5 15.
Bh2 Nxd4 16. Nxd4 Bxd4 17. Nc4 Ba6 18. Qc2 Bxc4 19. Bxc4 Qb6 20. Rab1 e5 21. b3
Rad8 22. Rbd1 Rd6 23. Kh1 Rf6 24. Rf1 Qc7 25. Qd2 Kg7 26. g3 Rb6 27. f4 exf4
28. gxf4 Qe7 29. Qg2 Kh8 30. e5 Ng7 31. Bg1 Nf5 32. Bxd4 cxd4 33. Rfe1 Ne3 34.
Rxe3 dxe3 35. Qe4 Rd8 36. Rxd8+ Qxd8 37. Bxf7 Qd1+ 38. Kh2 Qd2+ 39. Kg1 Qe1+
40. Kh2 Qf2+ 41. Kh1 e2 42. Qa8+ Kg7 0-1

[Event "Bad Woerishofen sen"]
[Site "?"]
[Date "2002.??.??"]
[Round "3"]
[White "Baur, Theo"]
[Black "Herzel, Alois"]
[Result "0-1"]
[WhiteElo "1510"]
[BlackElo "1844"]
[Annotator "ChessOrg"]
[PlyCount "98"]
[EventDate "2002.??.??"]

1. e4 c5 2. Bc4 e6 3. Nc3 a6 4. a4 Nc6 5. d3 g6 6. Nf3 Bg7 7. Bd2 Nge7 8. Ba2
b6 9. Rb1 Qc7 10. Ne2 O-O 11. Qc1 Bb7 12. Bh6 Nb4 13. Bb3 d5 14. Bxg7 Kxg7 15.
Qd2 dxe4 16. dxe4 Bxe4 17. Nh4 Rfd8 18. Qc3+ Kg8 19. O-O Bd5 20. Bxd5 Nbxd5 21.
Qh3 Nf4 22. Nxf4 Qxf4 23. Nf3 Nf5 24. b3 Rd5 25. Ne1 Rad8 26. Nd3 Qh6 27. Qf3
Nd4 28. Qf6 Qg7 29. Qxg7+ Kxg7 30. Nf4 R5d6 31. c3 Nc6 32. g3 Ne5 33. Kg2 Rd2
34. h3 g5 35. Nh5+ Kg6 36. g4 R8d3 37. c4 Nf3 38. Ng3 Nh4+ 39. Kh2 f5 40. Rbe1
Nf3+ 41. Kg2 Nxe1+ 42. Rxe1 f4 43. Nh5 Kf7 44. Re5 h6 45. h4 Re3 46. Rxe3 fxe3
47. Kf1 Rxf2+ 48. Ke1 gxh4 49. Ng3 hxg3 0-1

[Event "Bad Woerishofen sen"]
[Site "?"]
[Date "2002.??.??"]
[Round "3"]
[White "Weber, Siegfried"]
[Black "Johannsen, Ingbert"]
[Result "0-1"]
[WhiteElo "1588"]
[BlackElo "1979"]
[Annotator "ChessOrg"]
[PlyCount "36"]
[EventDate "2002.??.??"]

1. e4 e6 2. d4 d5 3. Nd2 Nf6 4. e5 Nfd7 5. Bd3 c5 6. c3 Nc6 7. Ne2 Qb6 8. Nf3
Be7 9. O-O f6 10. exf6 Nxf6 11. Re1 O-O 12. Nf4 cxd4 13. cxd4 Bb4 14. Re2 Nd8
15. Ne5 h6 16. Nf3 Nf7 17. a3 Bd6 18. Nxe6 Bxe6 0-1

[Event "Bad Woerishofen sen"]
[Site "?"]
[Date "2002.??.??"]
[Round "3"]
[White "Schlag, Franz"]
[Black "Bakalarozyk, Wiodzimien"]
[Result "1/2-1/2"]
[WhiteElo "2147"]
[BlackElo "2000"]
[Annotator "ChessOrg"]
[PlyCount "68"]
[EventDate "2002.??.??"]

1. e4 c5 2. Nc3 Nc6 3. Bc4 e6 4. f4 g6 5. Nf3 Bg7 6. O-O Nge7 7. d3 d6 8. Qe1
O-O 9. a3 a6 10. Ba2 b5 11. Ne2 Bd7 12. c3 Rb8 13. d4 b4 14. axb4 cxb4 15. Bc4
bxc3 16. bxc3 a5 17. Bd3 Qc7 18. Ba3 Rfe8 19. e5 Nc8 20. exd6 Nxd6 21. Ne5 Ne7
22. Nxd7 Qxd7 23. Bxd6 Qxd6 24. Rxa5 Rb2 25. Qa1 Reb8 26. Ra8 Rxa8 27. Qxa8+
Rb8 28. Qe4 Rd8 29. Qf3 Nd5 30. Be4 f5 31. Bb1 Rc8 32. Rc1 Nxc3 33. Nxc3 Qxd4+
34. Kf1 Rxc3 1/2-1/2

[Event "Bad Woerishofen sen"]
[Site "?"]
[Date "2002.??.??"]
[Round "3"]
[White "Wolf, Alfred"]
[Black "Potthammel, Joerg"]
[Result "0-1"]
[WhiteElo "1718"]
[BlackElo "2073"]
[Annotator "ChessOrg"]
[PlyCount "58"]
[EventDate "2002.??.??"]

1. d4 Nf6 2. Nf3 g6 3. Bf4 Bg7 4. c3 b6 5. Nbd2 Bb7 6. e3 O-O 7. Be2 d5 8. h3
Nbd7 9. O-O Ne4 10. Ng5 e5 11. Nxh7 Kxh7 12. Bh2 Nxd2 13. Qxd2 e4 14. f4 exf3
15. Rxf3 Nf6 16. Raf1 Ne4 17. Qe1 Qe7 18. Rf4 Rae8 19. Bd3 Bc8 20. Bxe4 dxe4
21. h4 f5 22. Qg3 Bh6 23. R4f2 Qd6 24. Qxd6 cxd6 25. Bf4 d5 26. Bxh6 Kxh6 27.
g4 Ba6 28. g5+ Kh5 29. Rd1 f4 0-1

[Event "Bad Woerishofen sen"]
[Site "?"]
[Date "2002.??.??"]
[Round "3"]
[White "Meyer, Walter"]
[Black "Bierwisch, Bernhard"]
[Result "0-1"]
[WhiteElo "1747"]
[BlackElo "2171"]
[Annotator "ChessOrg"]
[PlyCount "84"]
[EventDate "2002.??.??"]

1. c4 Nf6 2. Nc3 d6 3. g3 e5 4. Bg2 c6 5. Nf3 Be7 6. d3 O-O 7. O-O Nbd7 8. d4
Re8 9. dxe5 dxe5 10. b3 Qc7 11. Bb2 a5 12. Qc2 g6 13. Rad1 Bf8 14. Ne4 Nxe4 15.
Qxe4 a4 16. Ra1 Bg7 17. b4 Nb6 18. a3 Bf5 19. Qh4 h6 20. c5 Nd7 21. Rad1 Nf8
22. Bh3 g5 23. Qh5 Bg6 24. Qg4 f5 25. Qc4+ Bf7 26. Qc3 g4 27. Bxg4 fxg4 28. Nh4
Bb3 29. Rd6 Qf7 30. Qd2 Re6 31. f4 Rxd6 32. cxd6 e4 33. Bxg7 Kxg7 34. Qd4+ Kg8
35. f5 Bd5 36. f6 Rd8 37. Nf5 Kh7 38. Qc3 Ne6 39. Qe5 Ng5 40. Ne3 Qe6 41. Nxg4
Qxg4 42. Qe7+ Nf7 0-1

[Event "Bad Woerishofen sen"]
[Site "?"]
[Date "2002.??.??"]
[Round "3"]
[White "Schmid, Hermann"]
[Black "Storkebaum, Karl-Heinz"]
[Result "1-0"]
[WhiteElo "2169"]
[BlackElo "1848"]
[Annotator "ChessOrg"]
[PlyCount "111"]
[EventDate "2002.??.??"]

1. d4 Nf6 2. Nf3 e6 3. e3 d5 4. Bd3 Be7 5. Nbd2 O-O 6. O-O b6 7. Ne5 Bb7 8. f4
Ne4 9. Qf3 f5 10. Qh3 Nd7 11. Ndf3 Nxe5 12. Nxe5 c5 13. c3 a5 14. Rd1 Qe8 15.
Bd2 Ba6 16. c4 cxd4 17. exd4 Bd6 18. Rac1 Nxd2 19. Rxd2 dxc4 20. Bxc4 Bxc4 21.
Rxc4 Qb5 22. Rdc2 Rad8 23. Qe3 Rfe8 24. Nf3 Qd5 25. a4 h6 26. Rc6 b5 27. axb5
Qxb5 28. g3 Qd5 29. Kf2 Rb8 30. Qe2 Rxb2 31. Rxb2 Qxc6 32. Qb5 Qxb5 33. Rxb5
Bb4 34. Rb6 Bc3 35. Ke2 Kf7 36. Kd3 Bb4 37. Ne5+ Kf8 38. Nc6 Ra8 39. Nxb4 axb4
40. Rxe6 Ra2 41. Kc4 Rxh2 42. Kxb4 Rg2 43. Re3 Kf7 44. d5 Rd2 45. Kc5 Rc2+ 46.
Kb6 Rd2 47. Kc6 Rc2+ 48. Kd7 g5 49. Re7+ Kf8 50. Re5 gxf4 51. Rxf5+ Kg7 52.
Rxf4 h5 53. d6 Rc3 54. Ke6 Re3+ 55. Kd5 Rxg3 56. d7 1-0

[Event "Bad Woerishofen sen"]
[Site "?"]
[Date "2002.??.??"]
[Round "3"]
[White "Ziltener, Werner"]
[Black "Fischer, Johann"]
[Result "0-1"]
[WhiteElo "2045"]
[BlackElo "2306"]
[Annotator "ChessOrg"]
[PlyCount "110"]
[EventDate "2002.??.??"]

1. Nf3 c5 2. c4 Nc6 3. d4 cxd4 4. Nxd4 g6 5. Nc3 Bg7 6. Nc2 Bxc3+ 7. bxc3 Qa5
8. Bd2 d6 9. e4 Nf6 10. f3 Be6 11. Nd4 Rc8 12. Qb3 Qc5 13. Qb5 Bd7 14. Qxc5
dxc5 15. Nb3 b6 16. Bh6 Rg8 17. h4 Be6 18. Nd2 Rd8 19. Bf4 Nd7 20. Kf2 Nde5 21.
Ke3 f6 22. Be2 Kf7 23. a4 Na5 24. Bxe5 fxe5 25. Ra2 Rd6 26. g4 Rgd8 27. g5 Kg7
28. Rf1 Bd7 29. Rd1 Be8 30. Bf1 Nb3 31. Be2 Nxd2 32. Rdxd2 Rxd2 33. Rxd2 Rxd2
34. Kxd2 Bxa4 35. Kc1 Kf7 36. Kd2 Ke6 37. Kc1 Kd6 38. Kb2 Bd7 39. Ka3 Bh3 40.
Ka4 Kc6 41. Ka3 Kb7 42. Kb3 Ka6 43. Ka4 Bg2 44. Ka3 Ka5 45. Kb2 a6 46. Kb3 Bh3
47. Bd3 Bd7 48. Be2 b5 49. cxb5 axb5 50. Ka3 b4+ 51. Kb2 Bb5 52. c4 Ba4 53. Kc1
b3 54. Kb2 Kb4 55. Bf1 Bd7 0-1

[Event "Bad Woerishofen sen"]
[Site "?"]
[Date "2002.??.??"]
[Round "3"]
[White "Thielemann, Joachim"]
[Black "Aigner, Georg"]
[Result "0-1"]
[WhiteElo "2073"]
[BlackElo "1830"]
[Annotator "ChessOrg"]
[PlyCount "102"]
[EventDate "2002.??.??"]

1. e4 e5 2. Nc3 Bb4 3. Nge2 c6 4. a3 Ba5 5. d4 Qe7 6. b4 Bb6 7. dxe5 Qxe5 8.
Bf4 Qe6 9. Qd6 Na6 10. g3 Ne7 11. Rd1 O-O 12. Bg2 Ng6 13. O-O Nc7 14. a4 Nxf4
15. Qxf4 Ne8 16. Nd4 Qc4 17. Nce2 Qxb4 18. Qg5 f6 19. Qh5 Qxa4 20. Nf5 Bd8 21.
Rd4 Qb5 22. Bf3 d6 23. Qh3 Bxf5 24. exf5 Rf7 25. Rh4 h6 26. Nd4 Qa5 27. Bh5 Re7
28. Ne6 Nc7 29. Bg6 Qd2 30. Rd4 Qxc2 31. Qg4 Nd5 32. Rfd1 Bb6 33. R4d2 Qc3 34.
Re2 a5 35. Rde1 Rc8 36. Bh7+ Kxh7 37. Qg6+ Kh8 38. Nxg7 Qxe1+ 39. Rxe1 Rxe1+
40. Kg2 Re7 41. Qxh6+ Kg8 42. Ne6 a4 43. g4 a3 44. g5 fxg5 45. Qxg5+ Kh8 46.
Qh4+ Rh7 47. Qa4 Bc5 48. h4 b5 49. Qa6 Rg8+ 50. Kf3 Ra7 51. Qxc6 a2 0-1

[Event "Bad Woerishofen sen"]
[Site "?"]
[Date "2002.??.??"]
[Round "3"]
[White "Kuehn, Peter"]
[Black "Niebling, Ferdinand"]
[Result "1/2-1/2"]
[WhiteElo "2013"]
[BlackElo "2192"]
[Annotator "ChessOrg"]
[PlyCount "62"]
[EventDate "2002.??.??"]

1. e4 e6 2. d3 d5 3. Nd2 Nf6 4. Ngf3 Nc6 5. g3 dxe4 6. dxe4 Bc5 7. Bg2 e5 8. h3
O-O 9. O-O a5 10. Qe2 b6 11. Rd1 Ba6 12. c4 Nd4 13. Nxd4 Bxd4 14. Nf1 Qe7 15.
Bg5 h6 16. Bxf6 Qxf6 17. Ne3 Qe6 18. Nf5 Rad8 19. Qg4 Qf6 20. Rd2 Bc8 21. Rad1
Kh7 22. Qe2 c5 23. b3 g6 24. Ne3 Bxe3 25. fxe3 Kg7 26. Rd3 Rfe8 27. Qd2 Rxd3
28. Qxd3 Kf8 29. Qd6+ Qxd6 30. Rxd6 Re6 31. Rd8+ Re8 1/2-1/2

[Event "Bad Woerishofen sen"]
[Site "?"]
[Date "2002.??.??"]
[Round "3"]
[White "Czeitschner, Roland"]
[Black "Limberg, Siegfried"]
[Result "1/2-1/2"]
[WhiteElo "1825"]
[BlackElo "2111"]
[Annotator "ChessOrg"]
[PlyCount "134"]
[EventDate "2002.??.??"]

1. d4 Nf6 2. c4 e6 3. Nf3 b6 4. g3 Bb7 5. Bg2 Be7 6. Nc3 O-O 7. O-O d6 8. Re1
Nbd7 9. e4 e5 10. d5 a5 11. b3 Nc5 12. Bb2 Ne8 13. a3 Bc8 14. b4 Nb7 15. Nd2 f5
16. exf5 Bxf5 17. Be4 Qd7 18. Qc2 Bg5 19. Bxf5 Rxf5 20. Nde4 Bh6 21. Qe2 Rf7
22. Rab1 Nf6 23. Bc1 Qh3 24. Qf1 Qh5 25. Nxf6+ Rxf6 26. Ne4 Rg6 27. Qe2 Qh3 28.
Qf1 Qf5 29. Bxh6 Rxh6 30. Qg2 Rg6 31. Rbd1 h5 32. h4 Rf8 33. Rc1 Rg4 34. Re3
axb4 35. axb4 Ra8 36. f3 Rg6 37. Ng5 Rf6 38. Ne6 Rf7 39. Qc2 Qxc2 40. Rxc2 Ra1+
41. Kg2 Rb1 42. Ng5 Rf8 43. Ne6 Rc8 44. b5 Ra1 45. f4 exf4 46. Nxf4 Rf8 47. Re7
Rf7 48. Rce2 Ra8 49. Nxh5 Na5 50. R7e4 Nb3 51. Nf4 Nc5 52. R4e3 Nd7 53. Ng6 Kh7
54. Nf4 Ne5 55. Rc3 Ra4 56. Rec2 Kh6 57. Nd3 Nxd3 58. Rxd3 Re7 59. Kf3 Ra8 60.
Rd4 Ra3+ 61. Kf2 Ree3 62. Rg4 Rf3+ 63. Kg2 g6 64. Rf2 Rxf2+ 65. Kxf2 Kh5 66.
Rg5+ Kh6 67. Rg4 Kh5 1/2-1/2

[Event "Bad Woerishofen sen"]
[Site "?"]
[Date "2002.??.??"]
[Round "3"]
[White "Gretzer, Otmar"]
[Black "Wild, Gerhard"]
[Result "1-0"]
[WhiteElo "2174"]
[BlackElo "1987"]
[Annotator "ChessOrg"]
[PlyCount "81"]
[EventDate "2002.??.??"]

1. e4 c5 2. Nf3 e6 3. d4 cxd4 4. Nxd4 Nf6 5. Nc3 d6 6. Be2 a6 7. Bf3 Qc7 8. O-O
Nbd7 9. Bg5 Be7 10. Qd2 h6 11. Bxf6 Nxf6 12. Rad1 Bd7 13. Rfe1 O-O 14. Nce2
Rac8 15. c3 Rfd8 16. Ng3 Qa5 17. Be2 Bf8 18. a3 g6 19. h4 Kh7 20. Bd3 e5 21.
Nc2 h5 22. Be2 Bg4 23. Nb4 Bh6 24. Qd3 Bxe2 25. Rxe2 Kg7 26. Qf3 Qc7 27. Nf1
Qd7 28. Ree1 Ne8 29. Nd5 Qe6 30. Rd3 Rc5 31. Red1 Nc7 32. Nxc7 Rxc7 33. Rd5
Rcd7 34. c4 Kg8 35. Qd3 Bf8 36. Ne3 Qf6 37. g3 Qf3 38. c5 f5 39. exf5 e4 40.
Qc4 Kh8 41. fxg6 1-0

[Event "Bad Woerishofen sen"]
[Site "?"]
[Date "2002.??.??"]
[Round "3"]
[White "Josting, Friedel"]
[Black "Igney, Volkhard"]
[Result "1/2-1/2"]
[WhiteElo "1840"]
[BlackElo "2232"]
[Annotator "ChessOrg"]
[PlyCount "106"]
[EventDate "2002.??.??"]

1. Nf3 d5 2. d4 Nf6 3. Bf4 e6 4. Nbd2 c5 5. e3 Be7 6. Be2 O-O 7. h3 Nbd7 8. O-O
Ne4 9. Nxe4 dxe4 10. Nd2 cxd4 11. exd4 f5 12. Bc4 Nb6 13. c3 Bg5 14. Bxg5 Qxg5
15. Qe2 Nd5 16. Bxd5 exd5 17. f4 Qf6 18. Qe3 b6 19. a4 Ba6 20. Rfc1 Rac8 21. a5
Bd3 22. Nf3 exf3 23. Qxd3 fxg2 24. Kxg2 Rce8 25. Re1 Re4 26. Rxe4 fxe4 27. Qe3
Qxf4 28. Qxf4 Rxf4 29. axb6 axb6 30. Ra7 Rf7 31. Ra8+ Rf8 32. Ra7 Rd8 33. Re7
Rd6 34. Re5 Kf7 35. Kg3 Kf6 36. Kf2 g5 37. Ke3 Kg6 38. b3 b5 39. c4 bxc4 40.
bxc4 dxc4 41. Rc5 Ra6 42. Kxe4 Ra3 43. Rxc4 Rxh3 44. Rc6+ Kf7 45. Kf5 h6 46.
Rc7+ Ke8 47. Rh7 Rf3+ 48. Ke6 Re3+ 49. Kf5 Rh3 50. d5 Rf3+ 51. Ke6 Re3+ 52. Kf5
Rf3+ 53. Ke6 Re3+ 1/2-1/2

[Event "Bad Woerishofen sen"]
[Site "?"]
[Date "2002.??.??"]
[Round "3"]
[White "Ottmann, Josef"]
[Black "Weigel, Herbert"]
[Result "1-0"]
[WhiteElo "1950"]
[BlackElo "2159"]
[Annotator "ChessOrg"]
[PlyCount "144"]
[EventDate "2002.??.??"]

1. e4 c5 2. c3 Nf6 3. e5 Nd5 4. d4 cxd4 5. Qxd4 e6 6. Nf3 Nc6 7. Qe4 f5 8. exf6
Nxf6 9. Qc2 Be7 10. Be2 O-O 11. O-O Qc7 12. Nbd2 b6 13. Ne4 Bb7 14. Nxf6+ Bxf6
15. Bd3 h6 16. Qe2 Ne7 17. Nd2 Nd5 18. g3 Be7 19. Be4 Rac8 20. Nb3 Qc6 21. Re1
Bf6 22. Bd2 Qc7 23. Qg4 Kf7 24. Qh5+ g6 25. Qxg6+ Ke7 26. Qh5 Qc4 27. Qe2 h5
28. Qxc4 Rxc4 29. Bg2 h4 30. Be3 hxg3 31. hxg3 Nxe3 32. Rxe3 Bxg2 33. Kxg2 Rg4
34. Rae1 Rfg8 35. Re4 R4g6 36. Nd4 e5 37. Nc2 d5 38. R4e3 e4 39. Nb4 Ke6 40.
Rd1 Rg5 41. c4 Bxb2 42. cxd5+ Kd6 43. Rxe4 Ba3 44. Nc2 Bc5 45. Re6+ Kd7 46. Rh6
a5 47. Ne1 Re5 48. Nd3 Re2 49. Nxc5+ bxc5 50. a3 Rf8 51. Rf1 Ra2 52. Rc6 Rxa3
53. Rxc5 Ra2 54. g4 Rf4 55. Kg3 Rb4 56. g5 Kd6 57. Rc8 Kxd5 58. f4 Rb3+ 59. Kg4
Ke6 60. Re1+ Kd7 61. Ra8 Kc7 62. Re7+ Kd6 63. Re5 a4 64. g6 Rg2+ 65. Kf5 a3 66.
Ra6+ Kd7 67. Kf6 Rb8 68. g7 a2 69. Kf7 Rb6 70. Rxa2 Rxa2 71. g8=Q Rbb2 72. Qe8+
Kc7 1-0

[Event "Bad Woerishofen sen"]
[Site "?"]
[Date "2002.??.??"]
[Round "3"]
[White "Bartlitz, Heinz"]
[Black "von Hoesslin, Holger"]
[Result "1/2-1/2"]
[WhiteElo "1619"]
[BlackElo "1790"]
[Annotator "ChessOrg"]
[PlyCount "41"]
[EventDate "2002.??.??"]

1. Nf3 Nf6 2. g3 g6 3. Bg2 Bg7 4. O-O d6 5. d3 O-O 6. e4 Nbd7 7. Nc3 c6 8. Bd2
Qc7 9. Qc1 Re8 10. Bh6 Bh8 11. h3 b5 12. a3 a5 13. Nd2 Bb7 14. Rb1 b4 15. axb4
axb4 16. Ne2 Nb6 17. f4 e6 18. Ra1 Rxa1 19. Qxa1 Ra8 20. Qc1 c5 21. c3 1/2-1/2

[Event "Bad Woerishofen sen"]
[Site "?"]
[Date "2002.??.??"]
[Round "3"]
[White "Geissler, Dieter"]
[Black "Maertins, Leo"]
[Result "1-0"]
[WhiteElo "2058"]
[BlackElo "1712"]
[Annotator "ChessOrg"]
[PlyCount "42"]
[EventDate "2002.??.??"]

1. e4 e6 2. d4 d5 3. Nd2 Nf6 4. e5 Nfd7 5. Bd3 c5 6. c3 Be7 7. Ne2 Nc6 8. O-O
Qb6 9. Nf3 f6 10. exf6 Nxf6 11. Re1 O-O 12. Nf4 Nd8 13. h3 cxd4 14. cxd4 Bd6
15. Ne5 Bxe5 16. dxe5 Ne8 17. Qh5 g6 18. Qh4 Ng7 19. Nxg6 Nf5 20. Bxf5 exf5 21.
Nxf8 Kxf8 1-0